000 01188cad a22002055a 4500
001 L152838
008 110505e20110426xxk 000 0 eng d
035 _a(Sirsi) u152838
041 0 _aeng
110 2 _aHalifax
_95942
245 0 0 _aAffordability boost for key workers sincer 2007
_b14 fold increase in towns with affordable homes
_h[electronic resource]
260 _c2011
490 _aHalifax Press Release
_v26 April 2011
520 _aHousing affordability for key public sector workers (nurses, teachers, police officers, fire fighters and paramedics) has improved since house prices peaked in the third quarter of 2007. In 2011 38% of towns are affordable for key workers compared to just 3% in 2007 based on the house price to average earnings measure. Nelson is the most affordable town whilst areas in London are the least affordable.
590 _aKA NTK
651 4 _aUnited Kingdom
_y
690 _aPROPERTY-RESIDENTIAL PROPERTY-ACQUISITION AND DISPOSAL OF RESIDENTIAL PROPERTY
856 4 0 _uhttps://www.lloydsbankinggroup.com/media/pdfs/halifax/2011/Key_Worker_Housing_Affordability_2011.pdf
_zView this item free of charge at www.lloydsbankingroup.com
942 _n0
999 _c83112
_d83112